| 000 | 00359 a2200133 4500 | ||
|---|---|---|---|
| 020 | _a8176354813 | ||
| 090 |
_c352 _d352 |
||
| 100 | _aColumbus louis | ||
| 245 |
_arealizing e business with appication service providers _cColumbus louis |
||
| 260 |
_aNew Delhi _bTechmedia _c2000 |
||
| 300 | _a296 p. | ||
| 500 | _apaper binding | ||
| 942 |
_aNBS _cBK _k658.84 COL |
||
| 999 |
_c342919 _d342919 |
||